00597nam a2200097 4500082001700000100001400017110001400031245002700045260003300072505039400105 a621.382, SIN aR P Singh aS D Sapre aCommunication Sytems / aNew DelhibMcGraw Hillc2008 aSignals Analysis (Page-1), Linear Systems (Page-78), Probabilty and Random Signal Theory (Page-114), Noise (Page-166), Amplitude Modulation Systems (Page-209), Angle Modulation Systems (Page-385), Pulse Modulation Systems (Page-385), Pulse Code Modulation (Page-407), Data Transmission (Page-430), Iformation Theory (Page-452), Coding (Page-490), Advancend Communaction Systems (Page-524).